000 00475nam a22001817a 4500
003 SEACOMMC
005 20231110044502.0
008 231110b |||||||| |||| 00| 0 eng d
020 _c$ 5.5
040 _aSEACOMMC
082 _a621.382
_bSHA
100 1 _aShanmugam, K. Sam
245 1 _aDigital and analog communication systems
_cK. Sam Shanmugam
260 _aSingapore
_bJohn Wiley
_c2005
650 _aEngineering
650 _aCommunications engineering
942 _cBOOK
999 _c360
_d360